000 00627nam a2200193Ii 4500
003 JO-AjNU
008 230605s9999||||xx |||||||||||||| ||und||
040 _aJO-AjNU
_bara
_erda
_cJO-AjNU
041 _aara
050 1 4 _aQA36.B37 1982
100 3 _aالبرني ، محمد سعيد/م. مشارك انور توفيق اللحام ,
_eauthor
_935086
245 0 0 _aالرياضيات
264 3 1 _aدمشق.المطبعة التعاونية ،1982
300 _a178ص
336 _atext
_btxt
_2rdacontent
337 _aunmediated
_bn
_2rdamedia
338 _avolume
_bnc
_2rdacarrier
650 4 _aالرياضيات
_935087
999 _aA14450
_c18018
_d18018